|
|
|
|
| LEADER |
01531nam a2200397 a 4500 |
| 001 |
nkc20081788824 |
| 003 |
CZ PrNK |
| 005 |
20100521123304.0 |
| 007 |
ta |
| 008 |
080125s2008 xr e p 000 0 cze |
| 015 |
|
|
|a cnb001788824
|
| 020 |
|
|
|a 978-80-213-1745-1
|q (brož.)
|
| 035 |
|
|
|a (OCoLC)228670083
|
| 040 |
|
|
|a OLA001
|b cze
|d ABA001
|
| 072 |
|
7 |
|a 636
|x Chov zvířat. Živočišná výroba
|2 Konspekt
|9 24
|
| 072 |
|
7 |
|a 37.016
|x Učební osnovy. Vyučovací předměty. Učebnice
|2 Konspekt
|9 22
|
| 080 |
|
|
|a 636.025.08
|2 MRF
|
| 080 |
|
|
|a (075.8)
|2 MRF
|
| 245 |
0 |
0 |
|a Základy chovu exotických zvířat /
|c Vrabec Vladimír ... [et al.]
|
| 250 |
|
|
|a Vyd. 1.
|
| 260 |
|
|
|a Praha :
|b Česká zemědělská univerzita v Praze,
|c 2008
|
| 300 |
|
|
|a 100 s. ;
|c 30 cm +
|e 1 CD-ROM + opravy (1 l. ; 21 x 11 cm)
|
| 500 |
|
|
|a 200 výt.
|
| 504 |
|
|
|a Obsahuje bibliografie
|
| 521 |
8 |
|
|a Určeno pro studenty FAPPZ ČZU v Praze
|
| 650 |
0 |
7 |
|a chov exotických zvířat
|7 ph574512
|2 czenas
|
| 650 |
0 |
9 |
|a keeping of exotic animals
|2 eczenas
|
| 655 |
|
7 |
|a učebnice vysokých škol
|7 fd133772
|2 czenas
|
| 655 |
|
9 |
|a textbooks (higher)
|2 eczenas
|
| 700 |
1 |
|
|a Vrabec, Vladimír,
|d 1971-
|7 ola2016911880
|4 aut
|
| 856 |
4 |
1 |
|u http://www.digitalniknihovna.cz/mzk/uuid/uuid:043ffc10-05f5-11ea-af21-005056827e52
|y Digitalizovaný dokument
|x NDK
|
| 910 |
2 |
|
|a BOA001
|b 3-1198.804
|
| 990 |
|
|
|a BK
|
| 995 |
|
|
|a 01
|
| 991 |
|
|
|b 200803
|c NOV
|
| 996 |
6 |
|
|b 2610333473
|c 3-1198.804
|l MZK
|r Sklad / do 1 hodiny
|n 0
|p p.v.
|w 000884843
|u 000010
|a 1
|e BOA001
|j MZK50
|s P
|